LIBRARY & INFORMATION CENTRE, KCAET, TAVANUR

ONLINE PUBLIC ACCESS CATALOGUE (OPAC)

Chemical engineering thermodynamics (Record no. 13920)

MARC details
000 -LEADER
fixed length control field 00288nam a22001217a 4500
020 ## - INTERNATIONAL STANDARD BOOK NUMBER
ISBN 9788173710483
082 ## - DEWEY DECIMAL CLASSIFICATION NUMBER
Classification number 660.2969
Item number RAO/CH
100 ## - MAIN ENTRY--AUTHOR NAME
Personal name Rao, YVC
245 ## - TITLE STATEMENT
Title Chemical engineering thermodynamics
260 ## - PUBLICATION, DISTRIBUTION, ETC. (IMPRINT)
Place of publication Hyderabad,
Name of publisher Universities Press
Year of publication 2011
300 ## - PHYSICAL DESCRIPTION
Number of Pages 601p
942 ## - ADDED ENTRY ELEMENTS (KOHA)
Koha item type Books
Holdings
Withdrawn status Lost status Damaged status Collection code Home library Current library Shelving location Date acquired Source of acquisition Cost, normal purchase price Full call number Accession Number Koha item type
      Non-fiction KAUAET KAUAET General Stacks 30/03/2013 Calicut Book Distributors 495.00 660.2969 RAO/CH 23739 Books
free website counter